000 00577nam a22001817a 4500
005 20171113101811.0
010 _aENG-121258
020 _c850.00
_a9788184249026
035 _aEN-104790
037 _bDBAD/PUB
082 _a623
245 _aInternational conference on safety by design :
_brecent trends in design & manufacturing /
260 _aNew Delhi
_bAllied Publishers Pvt.Ltd.
_c2014
270 _a1/13-14 Asaf Ali Road
_bNew Delhi
_e110002
300 _axiv, 348p. :
_c24cm(pbk)
_bill.
500 _aIncludes index
942 _2ddc
_cEN
_h623
_mINT
999 _c147226
_d147226